Lanean...

The Weave of My Life: A Dalit Womans Memoirs

Xehetasun bibliografikoak
Egile nagusia: Urmila Pawar
Beste egile batzuk: Maya pandit, Tr (Argitaratzailea)
Formatua: Printed Book
Argitaratua: CALCUTTA STREE 2015
Gaiak:
LEADER 00538nam a2200181 4500
020 |a 9788185604909 
082 |a 305 URM 
100 |a Urmila Pawar 
245 |a The Weave of My Life: A Dalit Womans Memoirs  |h ENGLISH 
250
260 |a CALCUTTA  |b STREE  |c 2015 
300 |a 348 P  |b PB  |f Book 
500
650 |a Dalit Womans Memoirs 
700 |a Maya pandit, Tr.  |e Editor 
942 |c BK 
999 |c 269289  |d 269289 
952 |0 0  |1 0  |4 0  |6 305_000000000000000_URM  |7 0  |9 286008  |a LIN  |b LIN  |d 2015-11-05  |l 0  |o 305 URM  |p LIN9888  |r 2020-02-06  |w 2020-02-06  |y BK